Effectif 2023/2024 par Images - Arsenal FC - Statistiques

Statistiques générales
  • Ce quiz a été pris 111 fois
  • Le résultat moyen est 19 sur 23
Statistiques - réponses
Par images Réponse % Correct
William Saliba
99%
Bukayo Saka
97%
Kai Havertz
96%
Martin Ødegaard
96%
Gabriel Jesus
95%
Declan Rice
94%
Gabriel Martinelli
93%
Jorginho
93%
Oleksandr Zinchenko
92%
Gabriel Magalhães
91%
Thomas Partey
91%
Aaron Ramsdale
90%
David Raya
89%
Leandro Trossard
89%
Ben White
86%
Takehiro Tomiyasu
76%
Eddie Nketiah
73%
Fábio Vieira
66%
Emile Smith-Rowe
65%
Jakub Kiwior
65%
Mohamed Elneny
64%
Reiss Nelson
59%
Cédric Soares
53%
Aucun quiz correspondant
Distribution des résultats
% des personnes avec chaque résultat
Percentile par nombre de réponses
Votre historique - résultats
Vous n’avez pas pris ce quiz